Statistiques concernant Série Dix pour cent - Personnages

Cliquez ici pour prendre le quiz!

Statistiques générales

  • Ce quiz a été pris 102 fois
  • Le résultat moyen est 11 sur 13

Statistiques - réponses

HintRéponse% Correct
Elle arrive à Paris pour mieux connaître son père et chercher du travailCamille Valentini
97%
Agente de la première heure et des acteurs mûrs. Elle dit encore "impresario"Arlette Azémar
95%
Assistante efficace et follement amoureuse de son patronNoémie Leclerc
92%
Mère de Camille. Pas ravie de voir sa fille quitter la Côte d'Azur pour se lancer à ParisAnnick Valentini
89%
Assistant d'agent gentil et émotif, se verrait bien agent à son tour.. ou acteur..Hervé André-Jezack
89%
Fils d'un des agent qui débute une carrière d'acteur. Très proche de Camille par bien des côtésHippolyte Barneville
89%
Hôtesse d'accueil de l'agence. Rêve d'une carrière d'actrice à son tourSophia Leprince
89%
Agente passionnée de cinéma d'auteur et très engagée. Homosexuelle décomplexée, pas prête à ce qu'une vie de famille lui tombe dessus par hasardAndrea Martel
85%
Inspectrice des impôts qui contrôle l'agence. Rêve de maternitéColette Brancillon
84%
Homme d'affaire fortuné et sans trop de scrupules. Va débouler dans la vie de l'agence et de certains de ses membresHicham Janowski
84%
Agente aux dents très longue et totalement dénuée de scrupules de l'agence concurrenteElise Formain
81%
Agent reconnu et installé. Pas trop prêt à affronter les bouleversements professionnels et personnels qui l'attendentMatthias Barneville
81%
Agent très proche des acteurs dont il s'occupe. Prêt à sacrifier sa carrière pour la femme qu'il aimeGabriel Sarda
77%

Distribution des résultats

Percentile par nombre de réponses

% des personnes avec chaque résultat

Votre développement - résultats

Vous n’avez pas pris ce quiz